Statistics for Words shared by country names

Click here to take the quiz!

General Stats

  • This quiz has been taken 413 times
  • The average score is 22 of 25

Answer Stats

HintAnswer% Correct
| The three 'South' countriesSouth Africa
100%
United States
99%
The three 'United' countriesUnited Arab Emirates
97%
Papua New Guinea
96%
South Korea
95%
United Kingdom
94%
Guinea
94%
The two countries that contain 'New' in their namesNew Zealand
94%
South Sudan
94%
Saint Lucia
91%
| The three 'Saint' countriesSaint Kitts & Nevis
91%
The two countries that contain 'Islands' in their namesMarshall Islands
88%
Guinea Bissau
88%
Trinidad & Tobago
88%
Saint Vincent & the Grenadines
87%
The two countries that contain 'Africa' in their namesCentral African Republic
87%
Solomon Islands
87%
The four countries that contain 'Guinea' in their namesEquatorial Guinea
86%
The six countries with '&' in their namesAntigua & Barbuda
76%
Bosnia & Herzegovina
67%
Sao Tome & Principe
64%

Score Distribution

Percentile by Number Answered

Percent of People with Each Score

Your Score History

You have not taken this quiz